| 000 | 004770000a22001810004500 | ||
|---|---|---|---|
| 003 | MACL | ||
| 005 | 20151027152249.0 | ||
| 008 | 151027b xxu||||| |||| 00| 0 eng d | ||
| 040 |
_aMACL _cMACL |
||
| 041 | _aEnglish | ||
| 082 | _a600/GHO | ||
| 100 |
_aGhosh, Santosh _910409 |
||
| 245 | _aThe Sepoy Mutiny From Telegaph Messages 1857-1858 | ||
| 260 |
_bKnowledge Bank Publishers _c2008 _aKolkata |
||
| 350 | _a550 | ||
| 650 |
_aTechnology _917022 |
||
| 942 |
_cBK _k600/GHO _2ddc |
||
| 999 |
_c43957 _d43957 |
||